Statistiche per Paesi del mondo: digitare la prima letter

Clicka qui per fare il quiz!

Statistiche generali

  • Questo quiz è stato fatto 30 volte
  • Il punteggio medio è 125 su 196

Risposte nella Mappa

Le risposte nella mappa del quiz sottostante sono codificate secondo una scala di colori dal rosso al verde in base alla % di persone che hanno risposto correttamente.
 

Statistiche sulle risposte

paese% Corretto
Croazia
82%
Giamaica
82%
Taiwan
82%
Albania
76%
Algeria
76%
Austria
76%
Bahamas
76%
Bangladesh
76%
Barbados
76%
Brasile
76%
Emirati Arabi Uniti
76%
Francia
76%
Islanda
76%
Kazakistan
76%
Kosovo
76%
Madagascar
76%
Mauritius
76%
Monaco
76%
Norvegia
76%
Nuova Zelanda
76%
Perù
76%
Andorra
71%
Angola
71%
Argentina
71%
Armenia
71%
Australia
71%
Bahrain
71%
Belgio
71%
Belize
71%
Botswana
71%
Burkina Faso
71%
Cambogia
71%
Cipro
71%
Colombia
71%
Corea del Sud
71%
Estonia
71%
Gabon
71%
Ghana
71%
Grecia
71%
Grenada
71%
Guinea-Bissau
71%
Honduras
71%
Libano
71%
Lituania
71%
Moldavia
71%
Montenegro
71%
Mozambico
71%
Panama
71%
Papua Nuova Guinea
71%
Portogallo
71%
Rep Dem Congo
71%
Russia
71%
Saint Vincent e Grenadine
71%
Siria
71%
Slovacchia
71%
Spagna
71%
Sud Sudan
71%
Svezia
71%
Svizzera
71%
Swaziland
71%
Tagikistan
71%
Togo
71%
Trinidad e Tobago
71%
Tuvalu
71%
Vietnam
71%
Zambia
71%
Bielorussia
65%
Birmania
65%
Bolivia
65%
Bosnia ed Erzegovina
65%
Brunei
65%
Bulgaria
65%
Cabo Verde
65%
Camerun
65%
Cechia
65%
Cile
65%
Città del Vaticano
65%
Comoros
65%
Costa Rica
65%
Côte d'Ivoire
65%
Cuba
65%
Danimarca
65%
Dominica
65%
Ecuador
65%
Eritrea
65%
Gambia
65%
Gibuti
65%
Guatemala
65%
Guyana
65%
Haiti
65%
India
65%
Iraq
65%
Irlanda
65%
Kenya
65%
Kirghizistan
65%
Lesotho
65%
Lettonia
65%
Libia
65%
Lussemburgo
65%
Macedonia del Nord
65%
Maldive
65%
Mali
65%
Mauritania
65%
Messico
65%
Micronesia
65%
Mongolia
65%
Nepal
65%
Oman
65%
Paesi Bassi
65%
Palau
65%
Paraguay
65%
Qatar
65%
Regno Unito
65%
Repubblica Centrafricana
65%
Ruanda
65%
Seychelles
65%
Sierra Leone
65%
Singapore
65%
Suriname
65%
Tanzania
65%
Tunisia
65%
Turchia
65%
Ucraina
65%
Yemen
65%
Afghanistan
59%
Arabia Saudita
59%
Benin
59%
Canada
59%
Ciad
59%
Cina
59%
Corea del Nord
59%
El Salvador
59%
Figi
59%
Filippine
59%
Finlandia
59%
Germania
59%
Giappone
59%
Guinea
59%
Guinea Equatoriale
59%
Indonesia
59%
Isole Marshall
59%
Isole Salomone
59%
Italia
59%
Liechtenstein
59%
Malta
59%
Namibia
59%
Niger
59%
Pakistan
59%
Polonia
59%
Repubblica Dominicana
59%
Romania
59%
Saint Kitts e Nevis
59%
San Marino
59%
Santa Lucia
59%
Sao Tome e Principe
59%
Sri Lanka
59%
Stati Uniti
59%
Sudafrica
59%
Thailandia
59%
Turkmenistan
59%
Ungheria
59%
Uruguay
59%
Uzbekistan
59%
Venezuela
59%
Antigua e Barbuda
53%
Bhutan
53%
Burundi
53%
Congo
53%
Egitto
53%
Etiopia
53%
Georgia
53%
Giordania
53%
Israele
53%
Kiribati
53%
Liberia
53%
Malesia
53%
Marocco
53%
Nauru
53%
Nicaragua
53%
Nigeria
53%
Senegal
53%
Serbia
53%
Somalia
53%
Sudan
53%
Timor-Leste
53%
Tonga
53%
Uganda
53%
Azerbaijan
47%
Iran
47%
Kuwait
47%
Laos
47%
Malawi
47%
Samoa
47%
Vanuatu
47%
Zimbabwe
47%
Slovenia
41%

Distribuzione punteggi

Percentile per numero di risposta

Percentuale di utenti per punteggio

I tuoi punteggi nel tempo

Non hai fatto questo quiz